[Event "Zagorovsky Memorial op"]
[Site "Voronezh"]
[Date "2013.06.25"]
[Round "1"]
[White "Kostin, Alexey"]
[Black "Shestakov, A."]
[Result "0-1"]
[WhiteElo "2312"]
[BlackElo "2149"]
[PlyCount "92"]
[EventDate "2013.06.25"]
[EventType "swiss"]
[EventRounds "9"]
[EventCountry "RUS"]
[SourceTitle "EXT 2014"]
[Source "ChessBase"]
[SourceDate "2013.11.20"]
[SourceVersion "1"]
[SourceVersionDate "2013.11.20"]
[SourceQuality "1"]

1. e4 c5 2. Nf3 e6 3. d4 cxd4 4. Nxd4 a6 5. Bd3 Bc5 6. Nb3 Ba7 7. Nc3 Nc6 8. Qe2 Ne5 9. f4 Nxd3+ 10. cxd3 b5 11. Be3 Bxe3 12. Qxe3 Nh6 13. 0-0 0-0 14. Rac1 f5 15. e5 Bb7 16. Nc5 Bc6 17. Ne2 Rf7 18. Nxe6 Qh4 19. Ng5 Ng4 20. Qg3 Qxg3 21. Nxg3 Rff8 22. Rfe1 h6 23. Nf3 g5 24. fxg5 hxg5 25. Nxg5 f4 26. N3e4 Nxe5 27. Nf6+ Rxf6 28. Rxe5 Raf8 29. Ne4 Rg6 30. Kf2 Rf7 31. Kf3 Rh6 32. Rg5+ Kf8 33. h3 Rd6 34. Rc3 b4 35. Rb3 Rd4 36. a3 Bb5 37. Rxb4 Rxd3+ 38. Kf2 f3 39. a4 d5 40. axb5 dxe4 41. gxf3 Rfxf3+ 42. Kg2 Rd2+ 43. Kg1 e3 44. Re5 Rg3+ 45. Kf1 Rf2+ 46. Ke1 Rg1# 0-1